Marketing v burzovníctve a finančníctve diplomová práca

Saved in:
Bibliographic Details
Main Author: Malinovský, Richard
Corporate Author: Podnikovohospodárska fakulta EU so sídlom v Košiciach. Katedra marketingu a obchodu
Other Authors: Andrejovský, Pavol, 1975-
Format: Book
Language:Slovak
Published: Košice 2010
Tags: Add Tag
No Tags, Be the first to tag this record!

MARC

LEADER 00000nam$a2200000$$$4500
001 0123300
005 20240318122607.1
041 0 |a slo 
044 |a SK 
245 1 0 |a Marketing v burzovníctve a finančníctve  |b diplomová práca  |c Richard Malinovský ; škol. Pavol Andrejovský 
264 1 |a Košice  |c 2010 
300 |a 72 s. 
100 1 |a Malinovský, Richard 
700 1 |a Andrejovský, Pavol, 1975- 
710 2 |a Podnikovohospodárska fakulta EU so sídlom v Košiciach. Katedra marketingu a obchodu